| 000 | 00946cam a22002655a 4500 | ||
|---|---|---|---|
| 001 | 14596883 | ||
| 005 | 20180108143321.0 | ||
| 008 | 061016t2007 njua fr 001 0 eng d | ||
| 020 | _a0321426711 | ||
| 020 | _a9780321426710 | ||
| 040 |
_aDLC _cDLC _dBAKER _dUKM _dC#P _dYDX _dYDXCP _dBTCTA _dDLC _dEG-ScBUE _beng |
||
| 082 | 0 | 4 |
_a005.5 _222 _bMCG |
| 100 | 1 | _aMcGrath, Kathleen. | |
| 245 | 1 | 0 |
_aVSTO for mere mortals : _ba VBA developer's guide to Microsoft Office development using Visual studio 2005 tools for Office / _cKathleen McGrath, Paul Stubbs. |
| 246 | 3 | 0 | _aVisual Studio Tools for Office for mere mortals |
| 260 |
_aUpper Saddle River : _bAddison-Wesley, _cc.2007. |
||
| 300 |
_axxxv, 689 p. : _bill. ; _c24 cm. |
||
| 500 | _aIncludes index. | ||
| 630 | 0 | 7 |
_aMicrosoft Visual studio. _94597 |
| 630 | 0 | 7 | _aMicrosoft Office. |
| 650 | _2BUEsh | ||
| 653 |
_bGGEN _bCOMSCI _cJanuary2018 |
||
| 700 | 1 |
_aStubbs, Paul R., _d1969- |
|
| 942 | _2ddc | ||
| 999 |
_c25894 _d25866 |
||